000 01311cam a2200217 4500
001 ABS66474
008 030304n2003 000 0 eng u
035 _a(Sirsi) u121487
100 _aNorwood, G.
245 _aE-conveyancing: solicitors deploy a rapid response unit
260 _c2003
490 _aEstates Gazette
_v(0302) 11 January 2003, 90-91(2)
520 _aLooks at the expansion of a Glasgow-based private property search company into England at the end of 2002 as an example of the gathering momentum of e-conveyancing. OneSearch has a 50% share of Scotland's residential conveyancing market, undertaking 400 000 searches since the company's inception in 1992. It will compete very strongly with the government's favoured system - the National Land Information Service - although it is currently constrained by the fact that 30% of mortgage lenders refuse to recognise searches carried out by private search companies. Discusses whether or not e-conveyancing will make sellers' packs redundant.
590 _aABS
650 _aPROPERTY-RESIDENTIAL PROPERTY-ACQUISITION AND DISPOSAL OF RESIDENTIAL PROPERTY
650 _aRESIDENTIAL SALES
650 _aNATIONAL LAND INFORMATION SERVICE
650 _aHOME INFORMATION PACKS
690 _aPROPERTY AND LAND LAW-CONVEYANCING
942 _n0
999 _c72198
_d72198